[Event "9th Asia-ch"]
[Site "Mashhad IRI"]
[Date "2011.05.03"]
[Round "2.3"]
[White "Yu Yangyi"]
[Black "Laylo, Darwin"]
[Result "1-0"]
[WhiteElo "2646"]
[BlackElo "2516"]
[EventDate "2011.05.02"]
[PlyCount "101"]

1.e4 c6 2.d4 d5 3.exd5 cxd5 4.c4 Nf6 5.Nc3 Nc6 6.Bg5 e6 7.Nf3 Be7 8.c5 O-O
9.Bb5 Bd7 10.O-O Ne4 11.Bxe7 Nxe7 12.Bxd7 Nxc3 13.Qe1 Qxd7 14.Qxc3 a5 15.
a3 a4 16.Rfb1 Nc6 17.Re1 Na5 18.Ne5 Qb5 19.Re3 Nb3 20.Rd1 f6 21.Nf3 Rfe8 
22.Rde1 e5 23.dxe5 Qxc5 24.Qd3 Qc4 25.Qf5 Qc8 26.Qh5 d4 27.Re4 Ra5 28.Rh4 
h6 29.Qg6 Raxe5 30.Nxe5 Rxe5 31.Rhe4 Qf5 32.Qxf5 Rxf5 33.Re8+ Kh7 34.Rd8 
Rc5 35.h4 h5 36.Re7 b5 37.Rdd7 Kg6 38.Rxg7+ Kf5 39.Rc7 Re5 40.Rge7 Rd5 41.
f3 Nc5 42.Kf1 d3 43.Re1 d2 44.Rd1 Kf4 45.Ke2 Nb3 46.Kf2 Ke5 47.Ke3 f5 48.
g3 f4+ 49.gxf4+ Kf5 50.Rg7 Kf6 51.Rg5 1-0

[Event "9th Asia-ch"]
[Site "Mashhad IRI"]
[Date "2011.05.03"]
[Round "2.4"]
[White "Kunte, Abhijit"]
[Black "Negi, Parimarjan"]
[Result "0-1"]
[WhiteElo "2526"]
[BlackElo "2622"]
[EventDate "2011.05.02"]
[PlyCount "70"]

1.d4 d5 2.c4 c6 3.Nc3 Nf6 4.e3 e6 5.Nf3 Nbd7 6.Qc2 Bd6 7.Bd3 O-O 8.O-O 
dxc4 9.Bxc4 b5 10.Be2 Bb7 11.Rd1 Qb8 12.e4 e5 13.g3 exd4 14.Nxd4 g6 15.Bf3
Re8 16.Bg2 b4 17.Na4 c5 18.Nb5 Bf8 19.Bf4 Ne5 20.Nxc5 Rc8 21.Rac1 a6 22.
Nd3 Rxc2 23.Rxc2 axb5 24.Nxe5 Qe8 25.Rc7 Bxe4 26.Bxe4 Nxe4 27.Nxf7 Rc8 28.
Rxc8 Qxc8 29.Rd8 Qc2 30.Nh6+ Kg7 31.Be3 Nf6 32.g4 Be7 33.Rd2 Qb1+ 34.Kg2 
Qe4+ 35.Kg3 Nd5 0-1

[Event "9th Asia-ch"]
[Site "Mashhad IRI"]
[Date "2011.05.03"]
[Round "2.5"]
[White "Alavi Sayed, Javad"]
[Black "Zhou Weiqi"]
[Result "1/2-1/2"]
[WhiteElo "2428"]
[BlackElo "2610"]
[EventDate "2011.05.02"]
[PlyCount "106"]

1.e4 e6 2.d4 d5 3.Nd2 c5 4.exd5 Qxd5 5.Ngf3 cxd4 6.Bc4 Qd7 7.O-O Nc6 8.Nb3
Nf6 9.Nbxd4 Nxd4 10.Nxd4 a6 11.Re1 Bc5 12.Be3 O-O 13.Nf3 Qc7 14.Bd3 b5 15.
a4 Bb7 16.Bxc5 Qxc5 17.axb5 axb5 18.Qe2 b4 19.Qe5 Bd5 20.Rxa8 Rxa8 21.Qd4 
Qxd4 22.Nxd4 Ra2 23.Rb1 Nd7 24.f3 Ne5 25.Bb5 g5 26.Kf2 Kg7 27.Ne2 Ra5 28.
Nd4 h5 29.Be2 Ra2 30.g3 Kf6 31.Ke3 g4 32.f4 Nd7 33.Bd3 Nc5 34.Bb5 Be4 35.
Bc4 Ra8 36.Rd1 Bg6 37.Rf1 Be4 38.Rd1 Ke7 39.Rf1 f5 40.Rd1 Ra5 41.Rc1 Kf6 
42.c3 bxc3 43.Rxc3 Ra1 44.Ra3 Rc1 45.b3 h4 46.Ra5 Rc3+ 47.Kd2 Nxb3+ 48.
Kxc3 Nxa5 49.Bxe6 h3 50.Bc8 Kg6 51.Kb4 Nc6+ 52.Nxc6 Bxc6 53.Kc5 Be4 
1/2-1/2

[Event "9th Asia-ch"]
[Site "Mashhad IRI"]
[Date "2011.05.03"]
[Round "2.6"]
[White "Bakr, Jwan"]
[Black "Zhumabaev, Rinat"]
[Result "0-1"]
[WhiteElo "2368"]
[BlackElo "2558"]
[EventDate "2011.05.02"]
[PlyCount "86"]

1.e4 e6 2.d4 d5 3.Nd2 c5 4.Ngf3 cxd4 5.exd5 Qxd5 6.Bc4 Qd6 7.O-O Nf6 8.Nb3
Nc6 9.Re1 a6 10.Nbxd4 Nxd4 11.Nxd4 Bd7 12.c3 Qc7 13.Bb3 Bd6 14.h3 O-O-O 
15.Qf3 Kb8 16.Bg5 Rhg8 17.Kh1 Bc8 18.Rad1 h6 19.Bh4 g5 20.Qxf6 gxh4 21.Bc2
Qc5 22.Qxh4 Qg5 23.Qxg5 hxg5 24.Be4 Be7 25.Kg1 Bf6 26.Nf3 Kc7 27.Kf1 Bd7 
28.Nd4 Rh8 29.Bf3 Bg7 30.b3 e5 31.Nc2 f5 32.Bd5 e4 33.Nd4 Rh6 34.c4 Bf8 
35.Nc2 a5 36.Re2 g4 37.Red2 gxh3 38.gxh3 Bc8 39.Nd4 Bb4 40.Nb5+ Kb6 41.Rd4
Bc5 42.R4d2 Rxh3 43.Kg2 f4 0-1

[Event "9th Asia-ch"]
[Site "Mashhad IRI"]
[Date "2011.05.03"]
[Round "2.7"]
[White "Cao Sang"]
[Black "Yu Ruiyuan"]
[Result "1/2-1/2"]
[WhiteElo "2547"]
[BlackElo "2431"]
[EventDate "2011.05.02"]
[PlyCount "132"]

1.e4 c6 2.d4 d5 3.e5 Bf5 4.Be3 e6 5.Nd2 Nd7 6.Ngf3 c5 7.dxc5 Bxc5 8.Bxc5 
Nxc5 9.Nb3 Ne7 10.Bb5+ Nd7 11.O-O O-O 12.Nbd4 Bg4 13.Re1 a6 14.Bd3 Nc6 15.
Qd2 Bxf3 16.Nxf3 Nc5 17.h4 Nxd3 18.cxd3 Rc8 19.Rac1 Qb6 20.d4 Qa5 21.Qd3 
Qb5 22.Qb1 h6 23.Rc3 Ne7 24.Rec1 Rxc3 25.Rxc3 Rc8 26.Qc2 Rxc3 27.Qxc3 Qe2 
28.Qc7 Nc6 29.Qc8+ Kh7 30.Qxb7 Nxd4 31.Qxf7 Nxf3+ 32.gxf3 Qxe5 33.h5 Qg5+ 
34.Kf1 Qc1+ 35.Kg2 Qg5+ 36.Kf1 Qc1+ 37.Kg2 Qg5+ 38.Kf1 d4 39.Qxe6 Qb5+ 40.
Ke1 Qxh5 41.Qe4+ Qg6 42.Qxd4 Qb1+ 43.Ke2 Qxa2 44.Qe4+ g6 45.Qe7+ Kg8 46.
Qf6 Qc4+ 47.Ke1 Qd3 48.Qe6+ Kf8 49.Qf6+ Ke8 50.Qh8+ Kf7 51.Qh7+ Ke6 52.
Qxh6 Qb1+ 53.Ke2 Qxb2+ 54.Kf1 Qa1+ 55.Kg2 a5 56.Qd2 Kf7 57.Qf4+ Kg7 58.
Qc7+ Kh6 59.Qf4+ g5 60.Qc7 Qe1 61.Qd6+ Kg7 62.Qc7+ Kf6 63.Qb6+ Kf5 64.Qc7 
Kg6 65.Qd6+ Kf5 66.Qc7 Qb4 1/2-1/2

[Event "9th Asia-ch"]
[Site "Mashhad IRI"]
[Date "2011.05.03"]
[Round "2.8"]
[White "Sasikiran, Krishnan"]
[Black "Sadeh, Shahin"]
[Result "1-0"]
[WhiteElo "2676"]
[BlackElo "2343"]
[EventDate "2011.05.02"]
[PlyCount "51"]

1.d4 d5 2.c4 c6 3.Nf3 Nf6 4.Nc3 e6 5.e3 Nbd7 6.Qc2 Bd6 7.Bd3 O-O 8.O-O 
dxc4 9.Bxc4 e5 10.h3 h6 11.Rd1 exd4 12.Nxd4 Nb6 13.Bb3 Qe8 14.a3 a6 15.e4 
Bc7 16.f4 c5 17.e5 Nh5 18.Ne4 Bxe5 19.fxe5 cxd4 20.Nf6+ Nxf6 21.exf6 Qe5 
22.fxg7 Qxg7 23.Qf2 Be6 24.Rxd4 Rae8 25.Rh4 Bxb3 26.Bxh6 1-0

[Event "9th Asia-ch"]
[Site "Mashhad IRI"]
[Date "2011.05.03"]
[Round "2.9"]
[White "Ismagambetov, Anuar"]
[Black "Kasimdzhanov, Rustam"]
[Result "1-0"]
[WhiteElo "2500"]
[BlackElo "2685"]
[EventDate "2011.05.02"]
[PlyCount "122"]

1.e4 c6 2.d4 d5 3.Nd2 dxe4 4.Nxe4 Nd7 5.Nf3 Ngf6 6.Ng3 e6 7.Bd3 c5 8.O-O 
Be7 9.Qe2 O-O 10.Rd1 Qc7 11.c4 Re8 12.b3 b6 13.Bb2 Bb7 14.Ng5 cxd4 15.Bxd4
Qc6 16.N5e4 Rad8 17.c5 e5 18.Be3 Nd5 19.Bb5 Qg6 20.cxb6 axb6 21.Rd3 Rf8 
22.Rad1 Nb8 23.Nc3 Nxe3 24.Qxe3 Rxd3 25.Bxd3 Qf6 26.Nge4 Qg6 27.Ng3 Qf6 
28.Nce4 Qe6 29.Ng5 Qh6 30.h4 Qxh4 31.Nxh7 Bc5 32.Qg5 Qxg5 33.Nxg5 Be7 34.
Bh7+ Kh8 35.Be4 Bxe4 36.N5xe4 f5 37.Nd6 g6 38.Nc4 Rc8 39.Nxe5 Kg7 40.Nf1 
Rc2 41.Rd2 Rc1 42.g3 Nc6 43.Nxc6 Rxc6 44.Ne3 Bb4 45.Rd3 Kf7 46.Kg2 Ke6 47.
Nd5 Bd6 48.Ne3 b5 49.Kf3 g5 50.g4 fxg4+ 51.Kxg4 Bf4 52.Nd5 Rc2 53.Nxf4+ 
gxf4 54.Kf3 Ke5 55.Rd8 Rc3+ 56.Kg2 Ke4 57.Re8+ Kd4 58.Rb8 Rc5 59.Kf3 Kc3 
60.Kxf4 b4 61.Ra8 Rc7 1-0

[Event "9th Asia-ch"]
[Site "Mashhad IRI"]
[Date "2011.05.03"]
[Round "2.10"]
[White "Djao Thien Hai"]
[Black "So, Wesley"]
[Result "1/2-1/2"]
[WhiteElo "2512"]
[BlackElo "2667"]
[EventDate "2011.05.02"]
[PlyCount "48"]

1.d4 Nf6 2.c4 g6 3.Nc3 d5 4.cxd5 Nxd5 5.e4 Nxc3 6.bxc3 Bg7 7.Bc4 c5 8.Ne2 
Nc6 9.Be3 O-O 10.O-O Qc7 11.Rb1 Rd8 12.Bf4 Be5 13.Bxe5 Nxe5 14.Bb3 Ng4 15.
Ng3 Qf4 16.Qd3 cxd4 17.cxd4 e5 18.d5 Bd7 19.h3 Nf6 20.Bc4 b6 21.Ba6 Bc8 
22.Bb5 Bd7 23.Ba6 Bc8 24.Bb5 Bd7 1/2-1/2

[Event "9th Asia-ch"]
[Site "Mashhad IRI"]
[Date "2011.05.03"]
[Round "2.11"]
[White "Khademi, Mohammad Miran"]
[Black "Ganguly, Surya Shekhar"]
[Result "0-1"]
[WhiteElo "2308"]
[BlackElo "2643"]
[EventDate "2011.05.02"]
[PlyCount "52"]

1.f4 d5 2.Nf3 g6 3.g3 Bg7 4.Bg2 Nh6 5.d3 d4 6.c3 Nc6 7.cxd4 Nxd4 8.Nc3 c6 
9.Be3 Ng4 10.Bg1 Nxf3+ 11.Bxf3 Bd4 12.Bxd4 Qxd4 13.Bxg4 Bxg4 14.Qa4 Qb6 
15.O-O-O O-O-O 16.d4 Kb8 17.h3 Bc8 18.Ne4 Rd5 19.Nc5 Rhd8 20.Kb1 f6 21.Rd3
Qb5 22.Qxb5 cxb5 23.Rb3 Rxd4 24.a4 b4 25.a5 Bf5+ 26.Ka1 Rd1+ 0-1

[Event "9th Asia-ch"]
[Site "Mashhad IRI"]
[Date "2011.05.03"]
[Round "2.12"]
[White "Nguyen Ngoc Truong Son"]
[Black "Barbosa, Oliver"]
[Result "1/2-1/2"]
[WhiteElo "2635"]
[BlackElo "2506"]
[EventDate "2011.05.02"]
[PlyCount "83"]

1.d4 d5 2.c4 c6 3.Nc3 Nf6 4.e3 g6 5.Nf3 Bg7 6.Bd3 O-O 7.O-O Bg4 8.h3 Bxf3 
9.Qxf3 dxc4 10.Bxc4 Nbd7 11.Rd1 e5 12.a4 a5 13.b3 Re8 14.Ba3 e4 15.Qg3 Nb6
16.Bd6 Rc8 17.Rac1 Qd7 18.Be5 Qf5 19.Be2 h5 20.Bc4 Nfd5 21.Bxd5 Nxd5 22.
Nxd5 cxd5 23.Bxg7 Kxg7 24.h4 Qd7 25.Qg5 b6 26.Rf1 Rc6 27.Rxc6 Qxc6 28.g4 
f6 29.Qf4 hxg4 30.Qxg4 Qc8 31.Qxc8 Rxc8 32.Rb1 Kh6 33.b4 Rc4 34.bxa5 bxa5 
35.Rb5 Rxa4 36.Rxd5 f5 37.Kg2 Ra1 38.Rd8 a4 39.Rh8+ Kg7 40.Ra8 Kh6 41.Rh8+
Kg7 42.Ra8 1/2-1/2

[Event "9th Asia-ch"]
[Site "Mashhad IRI"]
[Date "2011.05.03"]
[Round "2.13"]
[White "Ghaem Maghami, Ehsan"]
[Black "Wang Chen"]
[Result "1/2-1/2"]
[WhiteElo "2606"]
[BlackElo "2436"]
[EventDate "2011.05.02"]
[PlyCount "86"]

1.d4 d5 2.c4 e6 3.Nf3 Nf6 4.Nc3 Nbd7 5.cxd5 exd5 6.Bf4 c6 7.h3 Be7 8.e3 
Nf8 9.Bd3 Ne6 10.Bh2 O-O 11.O-O g6 12.Rb1 a5 13.Na4 Ng7 14.Qb3 b5 15.Nc3 
Bf5 16.Qc2 Rc8 17.Rbc1 Nd7 18.Rfd1 Be6 19.Ne2 Qb6 20.Ne5 Nxe5 21.Bxe5 Nf5 
22.Qd2 Nd6 23.b3 b4 24.Re1 Rfe8 25.Qd1 Bd7 26.Qc2 Bf8 27.Ng3 Qd8 28.e4 Qh4
29.Qd1 f6 30.Bxd6 Bxd6 31.Qf3 Qf4 32.Qxf4 Bxf4 33.Rcd1 a4 34.bxa4 c5 35.
Ba6 Bxa4 36.Bxc8 Rxc8 37.dxc5 Bxd1 38.Rxd1 Bxg3 39.fxg3 dxe4 40.Rc1 Kf7 
41.Kf2 Ke6 42.Ke3 Kd5 43.c6 Rxc6 1/2-1/2

[Event "9th Asia-ch"]
[Site "Mashhad IRI"]
[Date "2011.05.03"]
[Round "2.14"]
[White "Zhao Jun"]
[Black "Ahmadinia, Ebrahim"]
[Result "1/2-1/2"]
[WhiteElo "2574"]
[BlackElo "2429"]
[EventDate "2011.05.02"]
[PlyCount "101"]

1.Nf3 Nf6 2.c4 g6 3.b3 Bg7 4.Bb2 d6 5.d4 O-O 6.g3 Nbd7 7.Bg2 e5 8.O-O exd4
9.Nxd4 Re8 10.Nc3 Nc5 11.Qc2 c6 12.Rad1 a5 13.e4 Qb6 14.h3 a4 15.Rfe1 axb3
16.axb3 Nfd7 17.Nce2 Na6 18.Qd2 Ndc5 19.Nc1 Be6 20.Bc3 Qc7 21.b4 Nd7 22.
Nxe6 Bxc3 23.Nxc7 Bxd2 24.Rxd2 Nxc7 25.Rxd6 Ne5 26.c5 Nb5 27.Rdd1 Ra4 28.
f4 Nc4 29.Nd3 Rd8 30.Nf2 Rxd1 31.Rxd1 Rxb4 32.Ng4 Nc3 33.Rd7 Rb1+ 34.Kh2 
Rb2 35.e5 Nd5 36.Nf6+ Nxf6 37.exf6 h5 38.Rd8+ Kh7 39.Re8 Rb5 40.Rf8 Rxc5 
41.Rxf7+ Kh8 42.Rxb7 Rf5 43.Rf7 Nd6 44.Rf8+ Kh7 45.Bxc6 h4 46.g4 Rxf4 47.
g5 Ne4 48.Rf7+ Kh8 49.Rf8+ Kh7 50.Bxe4 Rf2+ 51.Kh1 1/2-1/2

[Event "9th Asia-ch"]
[Site "Mashhad IRI"]
[Date "2011.05.03"]
[Round "2.15"]
[White "Adhiban, Baskaran"]
[Black "Gao Rui"]
[Result "1-0"]
[WhiteElo "2543"]
[BlackElo "2419"]
[EventDate "2011.05.02"]
[PlyCount "91"]

1.e4 c5 2.Nf3 d6 3.d4 cxd4 4.Nxd4 Nf6 5.Nc3 a6 6.Bg5 e6 7.f4 Qb6 8.Qd3 
Qxb2 9.Rb1 Qa3 10.f5 Be7 11.fxe6 fxe6 12.Be2 Qa5 13.Bd2 Qc7 14.g4 h6 15.e5
dxe5 16.Qg6+ Kf8 17.Nf3 Bd7 18.g5 Be8 19.Qd3 hxg5 20.Nxg5 Qd7 21.Qg3 Bf7 
22.Rg1 Rg8 23.Nxf7 Kxf7 24.Qg6+ Kf8 25.Bh5 Qe8 26.Qxe8+ Nxe8 27.Rf1+ Nf6 
28.Rxb7 Nc6 29.Rc7 Nd8 30.Bg6 Rh8 31.Rf2 Rh4 32.Ne4 Nf7 33.Nxf6 gxf6 34.
Rxf6 Bxf6 35.Rxf7+ Kg8 36.Rxf6 Kg7 37.Rxe6 Rb8 38.Bc3 Rb5 39.Bd3 Rc5 40.
Bxe5+ Kf7 41.Rf6+ Ke7 42.Rf5 Rc6 43.Bf4 Rg4 44.Kf2 Rf6 45.Rxf6 Kxf6 46.Kf3
1-0

[Event "9th Asia-ch"]
[Site "Mashhad IRI"]
[Date "2011.05.03"]
[Round "2.16"]
[White "Megaranto, Susanto"]
[Black "Debashis, Das"]
[Result "1-0"]
[WhiteElo "2529"]
[BlackElo "2392"]
[EventDate "2011.05.02"]
[PlyCount "77"]

1.e4 c5 2.Nf3 e6 3.d4 cxd4 4.Nxd4 a6 5.Bd3 Bc5 6.Nb3 Be7 7.Qg4 g6 8.Qe2 d6
9.O-O Nd7 10.Na3 Ne5 11.Nc4 Nxc4 12.Bxc4 Qc7 13.Bd3 Nf6 14.c4 O-O 15.f4 
Re8 16.Be3 b6 17.h3 Bb7 18.Nd2 Nd7 19.Qf2 Bf8 20.Rae1 Bg7 21.b3 Rac8 22.f5
Nc5 23.Bb1 b5 24.cxb5 axb5 25.Kh1 b4 26.f6 Bf8 27.Qh4 e5 28.Bh6 Ne6 29.Bd3
d5 30.Bxf8 Rxf8 31.Nf3 Kh8 32.exd5 Bxd5 33.Nxe5 Ra8 34.Re2 Qb7 35.Rf5 Rfd8
36.Rf1 Rg8 37.Qxb4 Rgf8 38.Qxb7 Bxb7 39.Bc4 1-0

[Event "9th Asia-ch"]
[Site "Mashhad IRI"]
[Date "2011.05.03"]
[Round "2.17"]
[White "Shyam Sundar, M."]
[Black "Sethuraman, Panayapan"]
[Result "0-1"]
[WhiteElo "2457"]
[BlackElo "2527"]
[EventDate "2011.05.02"]
[PlyCount "71"]

1.e4 c5 2.Nf3 e6 3.d3 Nc6 4.g3 d5 5.Nbd2 Bd6 6.Bg2 Nge7 7.O-O h6 8.Nh4 b6 
9.f4 dxe4 10.Nxe4 Bc7 11.Nc3 O-O 12.Kh1 Bb7 13.g4 f5 14.g5 hxg5 15.fxg5 g6
16.Nb5 Bb8 17.Qe2 Qd7 18.Re1 Kf7 19.Qf2 Ne5 20.Bxb7 Qxb7+ 21.Qg2 Qxg2+ 22.
Kxg2 a6 23.Na3 Rh8 24.Bf4 Nxd3 25.cxd3 Bxf4 26.Nf3 b5 27.Re2 Nd5 28.Rae1 
Bc7 29.Kh1 Nf4 30.Re3 Rad8 31.Rd1 Nd5 32.Re2 Rh3 33.Ng1 Re3 34.Nc2 Rxe2 
35.Nxe2 Rh8 36.Ng3 0-1

[Event "9th Asia-ch"]
[Site "Mashhad IRI"]
[Date "2011.05.03"]
[Round "2.18"]
[White "Hou Yifan"]
[Black "Pourramezanali, Amirreza"]
[Result "0-1"]
[WhiteElo "2612"]
[BlackElo "2330"]
[EventDate "2011.05.02"]
[PlyCount "76"]

1.e4 e6 2.d4 d5 3.Nc3 Bb4 4.e5 c5 5.a3 Bxc3+ 6.bxc3 Ne7 7.h4 Qc7 8.Bd2 b6 
9.h5 h6 10.Qg4 Nf5 11.Bd3 O-O 12.Qh3 cxd4 13.g4 dxc3 14.Bf4 Nd4 15.g5 hxg5
16.h6 g6 17.h7+ Kh8 18.Bxg5 Qxe5+ 19.Qe3 f6 20.Bh6 Rd8 21.Nh3 Ba6 22.Nf4 
Bxd3 23.cxd3 Kxh7 24.Rc1 Nd7 25.Rxc3 Rdc8 26.Ne2 Rxc3 27.Bf4+ Kg7 28.Bxe5 
Nc2+ 29.Kd2 Nxe3 30.Bxc3 Nf5 31.Nf4 Re8 32.Rg1 d4 33.Bb2 g5 34.Ne2 e5 35.
f4 exf4 36.Nxf4 Ne5 37.Rg2 Nf3+ 38.Kc1 Re1+ 0-1

[Event "9th Asia-ch"]
[Site "Mashhad IRI"]
[Date "2011.05.03"]
[Round "2.19"]
[White "Vaibhav, Suri"]
[Black "Gopal, Geetha Narayanan"]
[Result "0-1"]
[WhiteElo "2430"]
[BlackElo "2592"]
[EventDate "2011.05.02"]
[PlyCount "80"]

1.e4 c5 2.Nf3 d6 3.d4 cxd4 4.Nxd4 Nf6 5.Nc3 a6 6.Be2 e5 7.Nb3 Be7 8.O-O 
O-O 9.Re1 Be6 10.Bf3 b5 11.a4 b4 12.Nd5 a5 13.Nxf6+ Bxf6 14.Be3 Nc6 15.Qd3
Qc7 16.h3 Ne7 17.Rac1 Qc6 18.Red1 Rfd8 19.c4 Ng6 20.Bg4 Bxg4 21.hxg4 Nf4 
22.Qc2 Qxa4 23.Bxf4 exf4 24.Rd5 h6 25.Rcd1 Qc6 26.Nxa5 Qc8 27.Qe2 Re8 28.
Nb3 Ra2 29.R1d2 Be5 30.Ra5 Rxa5 31.Nxa5 Qc7 32.Nb3 Ra8 33.Rc2 Qe7 34.f3 g6
35.Qd2 Qf6 36.Kf1 Qh4 37.Qxb4 Qh1+ 38.Kf2 Bf6 39.Qxd6 Bh4+ 40.Ke2 Qe1+ 0-1

[Event "9th Asia-ch"]
[Site "Mashhad IRI"]
[Date "2011.05.03"]
[Round "2.20"]
[White "Annageldiev, Orazly"]
[Black "Paragua, Mark"]
[Result "0-1"]
[WhiteElo "2418"]
[BlackElo "2542"]
[EventDate "2011.05.02"]
[PlyCount "106"]

1.d4 d5 2.c4 c6 3.Nf3 Nf6 4.Qc2 dxc4 5.Qxc4 Bf5 6.g3 e6 7.Bg2 Nbd7 8.O-O 
Be7 9.Rd1 O-O 10.e3 c5 11.Nc3 Rc8 12.Qe2 Ne4 13.dxc5 Nxc3 14.bxc3 Qc7 15.
c6 Qxc6 16.Ne5 Nxe5 17.Bxc6 Rxc6 18.Rd4 Rxc3 19.g4 Bg6 20.f4 Nc6 21.Rd1 
Bc5 22.Bd2 Ra3 23.Rac1 Bb6 24.Bc3 Be4 25.Kf2 Ra4 26.Qb2 Bd5 27.Rxd5 exd5 
28.Bxg7 Rxf4+ 29.Kg3 Rb4 30.Qf6 Bc7+ 31.Kf3 Be5 32.Bxf8 Bxf6 33.Rxc6 Kxf8 
34.Rxf6 Ra4 35.Rh6 Kg7 36.Rd6 Rxa2 37.h4 b5 38.Rxd5 b4 39.Rb5 a5 40.g5 h6 
41.gxh6+ Kxh6 42.Kf4 Ra3 43.e4 b3 44.Kf5 a4 45.Kf6 Ra1 46.Kxf7 Rf1+ 47.Ke7
a3 48.Rxb3 a2 49.Ra3 a1=Q 50.Rxa1 Rxa1 51.e5 Kg7 52.h5 Rh1 53.e6 Rxh5 0-1

[Event "9th Asia-ch"]
[Site "Mashhad IRI"]
[Date "2011.05.03"]
[Round "2.21"]
[White "Gomez, John Paul"]
[Black "Yang Kaiqi"]
[Result "1/2-1/2"]
[WhiteElo "2538"]
[BlackElo "2409"]
[EventDate "2011.05.02"]
[PlyCount "70"]

1.e4 c5 2.Nc3 e6 3.g3 Nc6 4.Bg2 g6 5.d3 Bg7 6.Be3 Nd4 7.Qd2 Qa5 8.Nh3 Nf6 
9.f3 d5 10.O-O dxe4 11.dxe4 e5 12.Rad1 Be6 13.Kh1 O-O 14.Nf2 Rfd8 15.Qc1 
b5 16.Bg5 Bc4 17.Nd3 Re8 18.f4 exf4 19.gxf4 b4 20.e5 bxc3 21.exf6 cxb2 22.
Nxb2 Bxf1 23.Rxf1 Ne2 24.Qa1 Bf8 25.Nc4 Qb4 26.Ne5 h6 27.Nxf7 hxg5 28.Nxg5
Kh8 29.Bxa8 Rxa8 30.Rf3 Qb7 31.Qe5 Nd4 32.f7+ Bg7 33.Qe8+ Bf8 34.Qe5+ Bg7 
35.Qe8+ Bf8 1/2-1/2

[Event "9th Asia-ch"]
[Site "Mashhad IRI"]
[Date "2011.05.03"]
[Round "2.22"]
[White "Hussein, Hussein Ali"]
[Black "Santosh Gujrathi, Vidit"]
[Result "1-0"]
[WhiteElo "2394"]
[BlackElo "2495"]
[EventDate "2011.05.02"]
[PlyCount "85"]

1.e4 c6 2.d4 d5 3.exd5 cxd5 4.Bd3 Nc6 5.c3 Qc7 6.h3 Nf6 7.Nf3 g6 8.O-O Bg7
9.Re1 O-O 10.Na3 Nh5 11.Nc2 Rd8 12.Bg5 f6 13.Be3 e5 14.dxe5 fxe5 15.Bf1 e4
16.Nfd4 Ne5 17.Be2 Qf7 18.Qd2 b6 19.Rad1 Bb7 20.Qc1 Rf8 21.Rf1 Rad8 22.f4 
exf3 23.Bxf3 Ng3 24.Rfe1 Ba6 25.Bf2 Nxf3+ 26.gxf3 Nh5 27.Bh4 Bf6 28.Bg5 
Bc8 29.h4 Qc7 30.Qd2 Bxg5 31.Qxg5 Nf4 32.Qg3 Rf7 33.Kh2 Rdf8 34.Re3 Qd7 
35.Rde1 Nh5 36.Qg2 Rf4 37.Ne6 Rxh4+ 38.Kg1 Rf6 39.Ncd4 h6 40.Re5 a6 41.Nf5
Re4 42.fxe4 Rxe6 43.exd5 1-0

[Event "9th Asia-ch"]
[Site "Mashhad IRI"]
[Date "2011.05.03"]
[Round "2.23"]
[White "Lu Shanglei"]
[Black "Noroozi, Omid"]
[Result "1-0"]
[WhiteElo "2473"]
[BlackElo "2340"]
[EventDate "2011.05.02"]
[PlyCount "77"]

1.e4 c5 2.Nf3 d6 3.d4 cxd4 4.Nxd4 Nf6 5.f3 Nc6 6.c4 Qb6 7.Nc2 g6 8.Nc3 Bg7
9.Rb1 Nb4 10.Nxb4 Qxb4 11.Be3 O-O 12.a3 Qa5 13.Be2 Be6 14.O-O Rfc8 15.Qb3 
Nd7 16.Rfc1 a6 17.Nd5 Bxd5 18.cxd5 Nc5 19.Qc2 Rc7 20.Kf2 Ne6 21.Qd1 Rxc1 
22.Rxc1 Nf8 23.Qb3 b5 24.Rc6 Nd7 25.Qc2 Qd8 26.f4 h5 27.b4 Kh7 28.h3 Nf6 
29.Bf3 a5 30.Bb6 Qb8 31.bxa5 Nd7 32.Be3 b4 33.axb4 Qxb4 34.Rc7 Qxa5 35.
Rxd7 Rb8 36.Kg3 Rb2 37.Qc1 Qb5 38.Rxe7 h4+ 39.Kg4 1-0

[Event "9th Asia-ch"]
[Site "Mashhad IRI"]
[Date "2011.05.03"]
[Round "2.24"]
[White "Yang Ching Wei, Austin"]
[Black "Darini, Pouria"]
[Result "0-1"]
[WhiteElo "1717"]
[BlackElo "2471"]
[EventDate "2011.05.02"]
[PlyCount "66"]

1.e4 c5 2.Nf3 d6 3.d4 cxd4 4.Nxd4 Nf6 5.Nc3 a6 6.a4 e6 7.Be2 Be7 8.Be3 Nc6
9.O-O O-O 10.f4 Qc7 11.Qe1 Bd7 12.Qg3 d5 13.e5 Ne4 14.Nxe4 dxe4 15.f5 Nxd4
16.Bxd4 exf5 17.Rf4 Be6 18.c3 Bc5 19.Rh4 Bxd4+ 20.cxd4 Qb6 21.Qe3 Qxb2 22.
g4 Rfd8 23.Rd1 Qb3 24.Qf4 Bc4 25.Rd2 Bxe2 26.Rxe2 Qd1+ 27.Kf2 Rxd4 28.Qxf5
e3+ 29.Kxe3 g6 30.Qf6 Rad8 31.Rxh7 Re4+ 32.Kxe4 Qxe2+ 33.Kf4 Rd4+ 0-1

[Event "9th Asia-ch"]
[Site "Mashhad IRI"]
[Date "2011.05.03"]
[Round "2.25"]
[White "Lou Yiping"]
[Black "Arabi, Saeid"]
[Result "1-0"]
[WhiteElo "2435"]
[BlackElo "2159"]
[EventDate "2011.05.02"]
[PlyCount "95"]

1.d4 g6 2.e4 Bg7 3.c4 d6 4.Nc3 Nd7 5.Bg5 h6 6.Be3 e5 7.Nf3 Ne7 8.Qd2 exd4 
9.Nxd4 Nc6 10.Nc2 a5 11.Be2 Nde5 12.h3 Be6 13.b3 f5 14.O-O O-O 15.Rad1 Qh4
16.f4 Nd7 17.Nb5 Qd8 18.Bf3 Nf6 19.Ncd4 Bd7 20.exf5 gxf5 21.Qc2 Re8 22.
Rfe1 Ne4 23.a3 Nxd4 24.Nxd4 Qh4 25.Nb5 Rac8 26.Qc1 Re7 27.Rf1 Bc6 28.Na7 
Rce8 29.Nxc6 bxc6 30.Bxe4 Rxe4 31.Rf3 Qf6 32.Kh2 Qb2 33.Bd2 Qxc1 34.Rxc1 
a4 35.bxa4 Ra8 36.a5 Re2 37.Rd3 Bb2 38.Rb1 Bxa3 39.Rxa3 Rxd2 40.a6 Kf7 41.
Rb7 Rg8 42.Rxc7+ Ke6 43.Re3+ Kf6 44.Rg3 Rxg3 45.Kxg3 c5 46.a7 Ra2 47.Kh4 
Kg6 48.Rd7 1-0

[Event "9th Asia-ch"]
[Site "Mashhad IRI"]
[Date "2011.05.04"]
[Round "3.1"]
[White "Bu Xiangzhi"]
[Black "Negi, Parimarjan"]
[Result "1-0"]
[WhiteElo "2662"]
[BlackElo "2622"]
[EventDate "2011.05.02"]
[PlyCount "99"]

1.d4 d5 2.c4 e6 3.Nf3 Nf6 4.Bg5 Be7 5.Nc3 h6 6.Bxf6 Bxf6 7.Qb3 c5 8.dxc5 
O-O 9.cxd5 Qa5 10.e3 Nd7 11.Rc1 Nxc5 12.Qb5 Qc7 13.Be2 b6 14.dxe6 Ba6 15.
Nd5 Nd3+ 16.Kd2 Nxc1 17.Nxc7 Bxb5 18.Bxb5 Rad8+ 19.Nd4 Nxa2 20.Ra1 Nb4 21.
Rxa7 fxe6 22.Nxe6 Ra8 23.Ra3 Rfc8 24.e4 Rxa3 25.bxa3 Na2 26.Bc6 Nc3 27.Kd3
Nb1 28.a4 g5 29.Kc2 Na3+ 30.Kb3 Nb1 31.g3 g4 32.Bd5 Kh7 33.Nc6 Nc3 34.Nf4 
Re8 35.Kb4 Nxe4 36.Bf7 Re7 37.Bg6+ Kg7 38.Nxe7 Bxe7+ 39.Kc4 Nxf2 40.Kb5 
Bc5 41.a5 bxa5 42.Kxc5 Kf6 43.Bc2 Ke5 44.Kc4 Kf6 45.Kd4 Kg5 46.Ke3 Nh3 47.
Nxh3+ gxh3 48.Ba4 h5 49.Bd7 h4 50.Bxh3 1-0

[Event "9th Asia-ch"]
[Site "Mashhad IRI"]
[Date "2011.05.04"]
[Round "3.2"]
[White "Zhumabaev, Rinat"]
[Black "Yu Yangyi"]
[Result "1/2-1/2"]
[WhiteElo "2558"]
[BlackElo "2646"]
[EventDate "2011.05.02"]
[PlyCount "89"]

1.Nf3 Nf6 2.c4 e6 3.g3 d5 4.d4 Bb4+ 5.Bd2 Be7 6.Bg2 O-O 7.O-O c6 8.Bf4 
Nbd7 9.Nc3 b6 10.Rc1 Bb7 11.Nd2 Nh5 12.cxd5 exd5 13.Nf3 Re8 14.Re1 Rc8 15.
a3 Nxf4 16.gxf4 Rc7 17.b4 Bd6 18.e3 b5 19.Ne5 Nb6 20.e4 Rce7 21.Qh5 f6 22.
Nd3 dxe4 23.Nxe4 Bb8 24.Nec5 Rxe1+ 25.Rxe1 Rxe1+ 26.Nxe1 Bc8 27.f5 Qe7 28.
Nc2 Bd7 29.Nxd7 Qxd7 30.Be4 Nc4 31.d5 Qe7 32.Bf3 cxd5 33.Bxd5+ Kh8 34.Nd4 
Qe1+ 35.Kg2 Nd2 36.Qe2 Qxe2 37.Nxe2 Nb1 38.Nd4 Nxa3 39.Nc6 Bd6 40.Nxa7 
Bxb4 41.Bc6 Bc5 42.Nxb5 Nc2 43.Be4 Nd4 44.Nxd4 Bxd4 45.Bd5 1/2-1/2

[Event "9th Asia-ch"]
[Site "Mashhad IRI"]
[Date "2011.05.04"]
[Round "3.3"]
[White "Sethuraman, Panayapan"]
[Black "Sasikiran, Krishnan"]
[Result "0-1"]
[WhiteElo "2527"]
[BlackElo "2676"]
[EventDate "2011.05.02"]
[PlyCount "62"]

1.e4 e5 2.Nf3 Nc6 3.Bb5 a6 4.Ba4 Nf6 5.O-O Be7 6.d3 d6 7.c3 O-O 8.Nbd2 Nd7
9.b4 Kh8 10.Bxc6 bxc6 11.d4 f6 12.Bb2 a5 13.a3 d5 14.Re1 dxe4 15.Nxe4 f5 
16.Nc5 Bxc5 17.bxc5 e4 18.Nd2 Qg5 19.f3 e3 20.f4 Qxf4 21.Nf3 Qh6 22.c4 f4 
23.d5 Nxc5 24.Ne5 Bf5 25.dxc6 Qh4 26.Qe2 Rab8 27.Bc3 Rbe8 28.Rad1 Ne4 29.
Bd4 Qf2+ 30.Kh1 Qxe2 31.Rxe2 Rd8 0-1

[Event "9th Asia-ch"]
[Site "Mashhad IRI"]
[Date "2011.05.04"]
[Round "3.4"]
[White "Yu Ruiyuan"]
[Black "Harikrishna, Pentala"]
[Result "0-1"]
[WhiteElo "2431"]
[BlackElo "2666"]
[EventDate "2011.05.02"]
[PlyCount "76"]

1.e4 e5 2.Nf3 Nc6 3.Nc3 Nf6 4.Bb5 Bb4 5.O-O O-O 6.d3 d6 7.Bg5 Ne7 8.Nh4 c6
9.Bc4 d5 10.Bb3 a5 11.a4 Qd6 12.Qf3 h6 13.Bxf6 Qxf6 14.Qxf6 gxf6 15.f4 Be6
16.exd5 cxd5 17.Nb5 Rad8 18.Kh1 e4 19.c3 Bc5 20.d4 Bb6 21.g3 Kg7 22.Na3 f5
23.Nc2 Ng6 24.Ng2 Bc7 25.Nce3 h5 26.Kg1 h4 27.Kf2 Rh8 28.Rg1 Kf6 29.Rgf1 
Ke7 30.Ra3 h3 31.Ne1 Nxf4 32.gxf4 Bxf4 33.Rh1 Bg5 34.Nf3 exf3 35.Kxf3 Rh4 
36.Bc2 Rg8 37.Rf1 Bxe3 38.Kxe3 f4+ 0-1

[Event "9th Asia-ch"]
[Site "Mashhad IRI"]
[Date "2011.05.04"]
[Round "3.5"]
[White "Ganguly, Surya Shekhar"]
[Black "Adhiban, Baskaran"]
[Result "1/2-1/2"]
[WhiteElo "2643"]
[BlackElo "2543"]
[EventDate "2011.05.02"]
[PlyCount "86"]

1.d4 d5 2.c4 c6 3.Nf3 Nf6 4.Nc3 e6 5.Bg5 h6 6.Bh4 dxc4 7.e4 g5 8.Bg3 b5 9.
h4 g4 10.Ne5 h5 11.Be2 b4 12.Na4 Nxe4 13.Bxc4 Nxg3 14.fxg3 Bg7 15.Nc5 Bxe5
16.dxe5 Qxd1+ 17.Rxd1 Nd7 18.Nxd7 Bxd7 19.Ke2 Ke7 20.Rd6 a5 21.Rhd1 Ra7 
22.Ke3 Rf8 23.R6d4 a4 24.Rf4 Ra5 25.Ke4 a3 26.b3 c5 27.Rd6 Ra7 28.Rf6 Rh8 
29.Kf4 Rb7 30.Kg5 Bb5 31.Bxb5 Rxb5 32.Rc6 Rh7 33.Rf2 c4 34.Rc7+ Kf8 35.
Rxc4 Kg7 36.Kf4 Rh8 37.Rd2 Rhb8 38.Rd7 Kg6 39.Rcc7 Rf8 40.Ke4 Rb6 41.Kd4 
Rb5 42.Ke4 Rbb8 43.Kd4 Rb5 1/2-1/2